| 000 | 01143nam a2200373 i 4500 | ||
|---|---|---|---|
| 001 | 991038747559705066 | ||
| 005 | 20260503183759.0 | ||
| 008 | 071130s1970 pl a |000 0 pol | ||
| 009 | b0000002037139 | ||
| 015 | _aUWD 1971/1330 | ||
| 035 | _a991038747559705066 | ||
| 035 | _a(PL-WaBN)b20371391-48omnis_nlop | ||
| 035 | _ab20371391 | ||
| 035 | _a(OCoLC)830924798 | ||
| 035 | _a(PL)b0000002037139 | ||
| 035 | _a(EXLNZ-48OMNIS_NETWORK)9910274796305606 | ||
| 040 |
_aWA N _cWA N |
||
| 080 | _a621.397 | ||
| 100 | 1 | _aŁokuć, Janusz | |
| 245 | 1 | 0 |
_aTechnika naprawy odbiorników TV / _cJanusz Łokuć. |
| 250 | _aWyd. 2. | ||
| 260 |
_aWarszawa : _bWydawnictwa Komunikacji i Łączności, _cdr. 1970. |
||
| 300 |
_a397, [3] s., [4] k. tabl. : _bil. ; _c23 cm. |
||
| 336 |
_aTekst _btxt _2rdacontent |
||
| 337 |
_aBez urządzenia pośredniczącego _bn _2rdamedia |
||
| 338 |
_aWolumin _bnc _2rdacarrier |
||
| 380 | _aKsiążki | ||
| 504 | _aBibliogr. | ||
| 650 | 7 |
_aRemont _2DBN |
|
| 650 | 7 |
_aTelewizory _2DBN |
|
| 658 | _aInżynieria i technika | ||
| 710 | 2 |
_aWydawnictwa Komunikacji i Łączności _4pbl |
|
| 942 |
_2z _cBK _n0 |
||
| 999 |
_c35 _d35 |
||